| 000 | 00581nam a22001937a 4500 | ||
|---|---|---|---|
| 005 | 20231114160621.0 | ||
| 010 | _aENG-138372 | ||
| 020 |
_a9789393330628 _c425.00 |
||
| 035 | _aEN-121904 | ||
| 037 | _bDBAD | ||
| 082 | _a540 | ||
| 100 |
_aSinghal, Atul Kumar _958641 |
||
| 245 |
_aChemistry/ _cby Atul Kumar Singhal _hEnglish |
||
| 260 |
_aTelangana _bUniversities Press (India) _c2024 |
||
| 270 |
_a3-6-747/1A& 3-6-7541/1Himayatnagar, Hyderabad _bTelangana |
||
| 300 |
_avp. _c26cm(pbk) |
||
| 700 |
_aAtul Kumar Singhal _958618 |
||
| 942 |
_2ddc _cEN _h540 _mSIN |
||
| 999 |
_c199082 _d199082 |
||